Estate rentcharges and the enforcement of positive covenants (Record no. 9921)
[ view plain ]
| 000 -LEADER | |
|---|---|
| fixed length control field | 00890cab a2200217 4500 |
| 001 - CONTROL NUMBER | |
| control field | ABS39219 |
| 008 - FIXED-LENGTH DATA ELEMENTS--GENERAL INFORMATION | |
| fixed length control field | 090401t1988 xxu||||| |||| 00| 0 eng d |
| 035 ## - SYSTEM CONTROL NUMBER | |
| System control number | (Sirsi) u15173 |
| 041 ## - LANGUAGE CODE | |
| Language code of text/sound track or separate title | eng |
| 100 ## - MAIN ENTRY--PERSONAL NAME | |
| Personal name | Bright, S. |
| 245 ## - TITLE STATEMENT | |
| Title | Estate rentcharges and the enforcement of positive covenants |
| 260 ## - PUBLICATION, DISTRIBUTION, ETC. | |
| Date of publication, distribution, etc. | 1988 |
| 350 ## - PRICE (NR) (BK AM CF MU VM SE) [OBSOLETE] | |
| Price | 0 |
| 490 ## - SERIES STATEMENT | |
| Series statement | Conveyancer & Property Lawyer |
| Volume/sequential designation | March/April 1988, 99-107(9) |
| 520 ## - SUMMARY, ETC. | |
| Summary, etc. | Looks at the covenants affecting freehold land , putting forward the arguments for a need for change to enable the burden of both positive and negative covenants to run with the land, the use of rentcharges including estate rentcharges. Also examines the remedies available to the rent owner for breaches of covenant. |
| 650 ## - SUBJECT ADDED ENTRY--TOPICAL TERM | |
| Topical term or geographic name entry element | BREACH OF COVENANT |
| 650 ## - SUBJECT ADDED ENTRY--TOPICAL TERM | |
| Topical term or geographic name entry element | RESTRICTIVE COVENANTS |
| 690 ## - LOCAL SUBJECT ADDED ENTRY--TOPICAL TERM (OCLC, RLIN) | |
| Topical term or geographic name as entry element | PROPERTY LAW AND PRACTICE |
| 942 ## - ADDED ENTRY ELEMENTS (KOHA) | |
| Suppress in OPAC | 0 |
| 948 ## - LOCAL PROCESSING INFORMATION (OCLC); SERIES PART DESIGNATOR (RLIN) | |
| c (OCLC) | 04/03/1997 |
| Withdrawn status | Lost status | Source of classification or shelving scheme | Damaged status | Not for loan | Home library | Current library | Shelving location | Date acquired | Total Checkouts | Full call number | Barcode | Date last seen | Copy number | Price effective from | Koha item type |
|---|---|---|---|---|---|---|---|---|---|---|---|---|---|---|---|
| Dewey Decimal Classification | London | London | Journal article | 14/09/1999 | ABS39219 | 15173-1001 | 06/08/2019 | 1 | 06/08/2019 | Journal article |